000 00445ntaaa2200181 4500
003 01
005 20251027201109.0
008 0714s1973 ag 01
040 _aAR-BaBN
_bspa
_cAR-BaBN
_eaacr
_dRIC
082 _a201.3 L99c
100 _aLyon, David
_98510
245 _aCristianismo y sociologĂ­a /
_cDavid Lyon
250 _a1 ed.
260 _aBuenos Aires :
_bCerteza,
_c1979
300 _a95 p.
650 _aSociologĂ­a
_9341
942 _cBK
999 _c5147
_d5147